000 00426nam a2200169Ia 4500
003 OSt
005 20241126110329.0
008 160523b xxu||||| |||| 00| 0 eng d
040 _cGBC
082 _a200.19
_bWIT
100 _a"WITHERINGTON, H C"
245 _aPSYCOLOGY OF RELIGION
_bA CHRISTIAN INTERPRETATION
260 _bWILLLIAM B EERDMANS
_aUSA
_c1955
300 _a344p.
653 _aReligion
942 _e1ST ED
_2ddc
_cBK
_01
999 _c81
_d81